Open Data Biblioteca Nacional de Portugal


República Portuguesa: Ministério da Cultura
Biblioteca Nacional de Portugal

Catálogo da BNP: acesso por Identificadores Unívocos
Registos Bibliográficos associados ao registo de autoridade

Etiqueta de registo: 00000nkm 2200025 450
001 2279977
003 http://id.bnportugal.gov.pt/bib/catbnp/2279977
100 ## $a20260313d1986 m y0pory01030103ba
101 0# $apor
102 ## $aPT
200 1# $aAEIST 75 Anos 1911-1986: Exposição A Engenharia no I.S.T., Salão Nobre, 17-22 novembro$bVisual gráfico]$fAEIST
210 #9 $aLisboa$cAssociação de Estudantes do Instituto Superior Técnico,$d1986
215 ## $a1 cartaz$ccolor.$d48x33 cm
317 ## $aColeção Madeira Luís
710 02 $aAniversário da Associação de Estudantes do Instituto Superior Técnico,$d75,$eLisboa,$f1986$31991178
712 02 $aAssociação de Estudantes do Instituto Superior Técnico$3174939
801 #0 $aPT$bBN$gRPC
966 ## $lBN$mICONOG$sCT. 24603 A.$x3
971 ## $cCaticonografia9$d20260313
995 ## $aPRR2026

Etiqueta de registo: 00000nkm 2200025 450
001 2280413
003 http://id.bnportugal.gov.pt/bib/catbnp/2280413
100 ## $a20260316d1986 m y0pory01030103ba
101 0# $apor
102 ## $aPT
200 1# $aNoite de Coimbra, 75 anos Associação de Estudantes do Instituto Superior Técnico, no Salão Nobre do I.S.T., 28 nov 86$bVisual gráfico]$fAEIST - Associação de Estudantes do Instituto Superior Técnico
210 #9 $a[Lisboa]$cAssociação de Estudantes do Instituto Superior Técnico,$d1986
215 ## $a1 cartaz$cp&b.$d42x29,5cm
306 ## $aDatação atribuída em conformidade com o acontecimento anunciado
317 ## $aColeção Madeira Luís
710 02 $aAniversário da Associação de Estudantes do Instituto Superior Técnico,$d75,$eLisboa,$f1986$31991178
712 02 $aAssociação de Estudantes do Instituto Superior Técnico$3174939
801 #0 $aPT$bBN$gRPC
966 ## $lBN$mICONOG$sCT. 16840 V.$x3
971 ## $cCaticonografia7$d20260316
995 ## $aPRR2026

OpendataBNP@bnportugal.pt | Mais informação sobre acesso aos dados BNP